Most Popular Songs in USA 12/21/2024 - Statistics

General Stats
  • This quiz has been taken 16 times
  • The average score is 7 of 15
Answer Stats
Rank Artist (Version) Answer Streams Radio Airplay Sales % Correct
1. Mariah Carey All I Want For Christmas Is You 42.8 Million 26.3 Million 4.5 Thousand
92%
9. Shaboozey A Bar Song (Tipsy) 18.3 Million 62.4 Million 6.5 Thousand
77%
6. Lady GaGa, Bruno Mars Die With A Smile 24.1 Million 51.3 Million 4 Thousand
77%
4. Wham! Last Christmas 39.7 Million 18.6 Million 3 Thousand
77%
13. Billie Eilish Birds Of A Feather 18.2 Million 44 Million 2.5 Thousand
69%
2. Brenda Lee Rockin' Around The Christmas Tree 41.4 Million 19.9 Million 4 Thousand
62%
3. Bobby Helms Jingle Bell Rock 39 Million 19.3 Million 1.5 Thousand
38%
7. Kendrick Lamar Luther 28.9 Million 10.4 Million 2 Thousand
38%
14. Ariana Grande Santa Tell Me 24 Million 7 Million 1 Thousand
38%
10. Kendrick Lamar Squabble Up 25.2 Million 12.1 Million 2.5 Thousand
38%
8. Kendrick Lamar, Lefty Gunplay TV Off 28.9 Million 13.7 Million 2 Thousand
38%
5. Burl Ives A Holly Jolly Christmas 30.4 Million 18.4 Million 3.5 Thousand
31%
15. Kelly Clarkson Underneath The Tree 23.8 Million 7.8 Million 2 Thousand
31%
11. Andy Williams It's The Most Wonderful Time Of The Year 23.4 Million 18.1 Million 1.5 Thousand
15%
12. Dean Martin Let It Snow! Let It Snow! Let It Snow! 23.7 Million 11.2 Million 0.7 Thousand
15%
No matching quizzes found
Score Distribution
Percent of People with Each Score
Percentile by Number Answered
Your Score History
You have not taken this quiz